000 00658nam a2200193Ii 4500
003 JO-AjNU
008 230605s9999||||xx |||||||||||||| ||und||
040 _aJO-AjNU
_bara
_erda
_cJO-AjNU
041 _aara
050 1 4 _aBP173.4.H87
100 3 _aالحسيني، مبشر الطرازي,
_eauthor
_99558
245 0 0 _aالمرأة وحقوقها في الإسلام
264 3 1 _aبيروت: دار الكتب العلمية، د.ت
300 _a227ص
336 _atext
_btxt
_2rdacontent
337 _aunmediated
_bn
_2rdamedia
338 _avolume
_bnc
_2rdacarrier
650 4 _aالمرأة المسلمة- الاسلام وحقوق المرأة
_99559
999 _aA1362
_c4930
_d4930